000 00478nam a22001697a 4500
005 20251108171015.0
008 250721s1998 xx 000 0 ara d
082 1 4 _a910.4/بنا
100 1 _aالبنا، محمد
245 1 0 _aإقتصاديات السياحة و وقت الفراغ /
264 1 _aالقاهره :
_bزهران الشرق،
_c1998.
300 _a263ص
650 1 7 _aالسياحة
650 1 7 _aالإقتصاد
942 _2ddc
_cBK
999 _c54229
_d54229